- Perrenoud, Philippe,
Entry Nombre Personal
001 - NUMERO DE CONTROL
- campo de control: 30781
003 - IDENTIFICADOR DE NUMERO DE CONTROL
- campo de control: DLC
005 - FECHA Y HORA DE LA ÜLTIMA TRANSACCIÓN
- campo de control: 20230301113951.0
008 - DATOS DE LONGITUD FIJA
- campo de control de longitud fija: 230301n| acannaab |a aaa
010 ## - NÚMERO DE CONTROL DE LA BIBLIOTECA DEL CONGRESO
- Número de control LC: n 85315360
040 ## - FUENTE DE CATALOGACIÓN
- Agencia original de catalogación: DLC
- Agencia de transcripción: DLC
- Agencia que lo modifica: DLC
- Agencia que lo modifica: MX-MxUPN
- Lenguaje de catalogación: spa
046 ## - FECHAS CON CODIFICACIÓN ESPECIAL
- Fecha de nacimiento: 1944
100 1# - ENCABEZAMIENTO - NOMBRE PERSONAL
- Nombre personal: Perrenoud, Philippe,
- Fechas asociadas con el nombre: 1944-
373 ## - GRUPO ASOCIADO
- Associated group: Universidad de Genève
374 ## - OCUPACIÓN
- Occupation: Sociólogo
- Occupation: Antropólogo
- Occupation: Profesor universitario
400 1# - VEÁSE - NOMBRE DE PERSONA
- Personal name: Perrenoud, P.
- Fuller form of name: (Philippe)
670 ## - FUENTE EN LA QUE SE LOCALIZARON DATOS
- Cita de la fuente: L'Evaluat. formative dans un ... c1985:
- Información localizada: (Philippe Perrenoud) página 5 (Service de la recherche sociol., Genève)
670 ## - FUENTE EN LA QUE SE LOCALIZARON DATOS
- Cita de la fuente: Montandon, C. Entre parents et enseignants ... c1987:
- Información localizada: portada (Philippe Perrenoud) lomo (P. Perrenoud) cubierta página 4 (docteur en sociologie et anthropologie de l'Univ. de Lausanne)
670 ## - FUENTE EN LA QUE SE LOCALIZARON DATOS
- Cita de la fuente: Les cycles d'apprentissage, 2002:
- Información localizada: portada (Philippe Perrenoud) página 23 (b. 1944; prof., Faculté de psychologie et des sciences de l'éducation, Univ. de Genève)
902 ## - CATALOGADOR
- Catalogador: NDAF/010323
